[Event "Oberliga Baden 2122"]
[Site "Germany"]
[Date "2022.05.14"]
[Round "5.4"]
[White "Bauer, Andreas1111"]
[Black "Jaeggi, Dorian"]
[Result "1/2-1/2"]
[WhiteElo "2273"]
[BlackElo "2337"]
[PlyCount "138"]
[EventDate "2021.10.10"]
[EventType "team-tourn"]
[EventRounds "11"]
[EventCountry "GER"]
[SourceTitle "EXT 2023"]
[Source "ChessBase"]
[SourceDate "2022.10.05"]
[SourceVersion "1"]
[SourceVersionDate "2022.10.05"]
[SourceQuality "1"]
[WhiteTeam "Emmendingen"]
[BlackTeam "Brombach"]
[WhiteTeamCountry "GER"]
[BlackTeamCountry "GER"]

1. e4 c5 2. Nc3 Nc6 3. Bb5 g6 4. Bxc6 dxc6 5. f4 Bg7 6. Nf3 Nf6 7. d3 0-0 8. 0-0 b6 9. Qe1 Ne8 10. Qh4 f5 11. Bd2 Nd6 12. Rae1 e6 13. Qxd8 Rxd8 14. Nd1 Nb5 15. exf5 exf5 16. Ne5 Nd4 17. c3 Bxe5 18. Rxe5 Ne6 19. Nf2 Kf7 20. Rfe1 Re8 21. Nh3 h6 22. Kf2 Ng7 23. Ng1 Be6 24. Nf3 Rac8 25. c4 Kf8 26. Bc3 Bf7 27. Rxe8+ Nxe8 28. Ne5 Rd8 29. Re3 Rd6 30. Rh3 h5 31. Re3 Nf6 32. Kg3 Ng4 33. Nxg4 fxg4 34. Kh4 Be6 35. Be5 Rd8 36. Bg7+ Kf7 37. Kg5 Bf5 38. Be5 Bxd3 39. b3 b5 40. cxb5 cxb5 41. h3 gxh3 42. Rxh3 b4 43. Rh1 c4 44. bxc4 Bxc4 45. Rb1 a5 46. Rb2 Be6 47. Rc2 a4 48. Rb2 b3 49. axb3 axb3 50. f5 gxf5 51. Kxh5 Rd3 52. Re2 Bc4 53. Kg5 Rd1 54. Rf2 Ke6 55. Kf4 Re1 56. Bh8 Re4+ 57. Kg3 Rg4+ 58. Kh3 Rg5 59. Bb2 Bd3 60. Rf4 Rg6 61. g4 Rg8 62. gxf5+ Bxf5+ 63. Kh2 Rc8 64. Kg3 Bc2 65. Kf2 Ra8 66. Rb4 Kd5 67. Ke3 Kc5 68. Bc3 Rd8 69. Rd4 Rxd4 1/2-1/2

[Event "Oberliga Baden 1415"]
[Site "Baden"]
[Date "2014.12.07"]
[Round "4.2"]
[White "Jaeggi, Dorian"]
[Black "Vonthron, Horst"]
[Result "1-0"]
[WhiteElo "2258"]
[BlackElo "2358"]
[PlyCount "115"]
[EventDate "2014.09.21"]
[EventType "team-tourn"]
[EventRounds "9"]
[EventCountry "GER"]
[SourceTitle "EXT 2016"]
[Source "ChessBase"]
[SourceDate "2015.10.08"]
[SourceVersion "1"]
[SourceVersionDate "2015.10.08"]
[SourceQuality "1"]
[WhiteTeam "Brombach"]
[BlackTeam "Walldorf"]
[WhiteTeamCountry "GER"]
[BlackTeamCountry "GER"]

1. e4 c5 2. Nf3 Nc6 3. d4 cxd4 4. Nxd4 Nf6 5. Nc3 e5 6. Ndb5 d6 7. Bg5 a6 8. Na3 b5 9. Nd5 Be7 10. Bxf6 Bxf6 11. c3 Bg5 12. Nc2 0-0 13. a4 bxa4 14. Rxa4 a5 15. Bc4 Rb8 16. b3 Be6 17. 0-0 Qd7 18. Qd3 Kh8 19. Rd1 f5 20. Nde3 f4 21. Nf5 d5 22. Bxd5 Rxb3 23. Qc4 Rb2 24. Raa1 Rxc2 25. Bxe6 Qa7 26. Rf1 Nd8 27. Qd3 Rb2 28. Qd6 Nxe6 29. Qxe6 Qc7 30. Qd5 Qxc3 31. Rxa5 Bf6 32. Ra8 Rbb8 33. Nh6 gxh6 34. Rxb8 Rxb8 35. Qd6 Re8 36. Qxf6+ Kg8 37. Qxh6 Qc7 38. g3 Qf7 39. gxf4 Re6 40. Qh4 Qg6+ 41. Qg3 exf4 42. Qxg6+ hxg6 43. f3 Kf7 44. Kg2 g5 45. Rd1 Kg6 46. h4 Rc6 47. hxg5 Kxg5 48. Rd8 Rh6 49. Rd5+ Kh4 50. Rf5 Rg6+ 51. Kf2 Rg2+ 52. Kf1 Rb2 53. Rxf4+ Kg3 54. Rf5 Ra2 55. e5 Rb2 56. e6 Rb6 57. Rf6 Kh4 58. f4 1-0

[Event "Verbandsliga Sued Baden 1314"]
[Site "Germany"]
[Date "2014.02.02"]
[Round "5.2"]
[White "Kelecevic, Nedeljko"]
[Black "Jaeggi, Dorian"]
[Result "0-1"]
[WhiteElo "2240"]
[BlackElo "2252"]
[PlyCount "68"]
[EventDate "2013.10.20"]
[EventType "team-tourn"]
[EventRounds "9"]
[EventCountry "GER"]
[SourceTitle "EXT 2015"]
[Source "ChessBase"]
[SourceDate "2014.11.20"]
[SourceVersion "1"]
[SourceVersionDate "2014.11.20"]
[SourceQuality "1"]
[WhiteTeam "Konstanz"]
[BlackTeam "Brombach"]
[WhiteTeamCountry "GER"]
[BlackTeamCountry "GER"]

1. d4 d5 2. Nf3 Nc6 3. c4 Bg4 4. cxd5 Bxf3 5. gxf3 Qxd5 6. e3 e5 7. Nc3 Bb4 8. Bd2 Bxc3 9. bxc3 Qd6 10. Rb1 b6 11. Bg2 Nge7 12. 0-0 0-0 13. f4 exf4 14. e4 Rad8 15. e5 Qa3 16. Qc2 Nd5 17. Be4 g6 18. Rb5 Ndb4 19. Rxb4 Nxb4 20. cxb4 Rxd4 21. Bxf4 Qxb4 22. f3 c5 23. h3 Rfd8 24. Rf2 Rd1+ 25. Kh2 Qe1 26. Rg2 Qh1+ 27. Kg3 Rg1 28. Rxg1 Qxg1+ 29. Kh4 Qe1+ 30. Kg4 h5+ 31. Kg5 Kg7 32. Qb2 Rd4 33. Qb5 Rd2 34. Bxg6 fxg6 0-1

[Event "Oberliga Baden 1011"]
[Site "Baden"]
[Date "2010.10.10"]
[Round "1.2"]
[White "Jaeggi, Dorian"]
[Black "Genzling, Alain"]
[Result "0-1"]
[WhiteElo "2240"]
[BlackElo "2379"]
[PlyCount "98"]
[EventDate "2010.10.10"]
[EventType "team-tourn"]
[EventRounds "9"]
[EventCountry "GER"]
[SourceTitle "EXT 2012"]
[Source "ChessBase"]
[SourceDate "2011.11.24"]
[SourceVersion "1"]
[SourceVersionDate "2011.11.24"]
[SourceQuality "1"]
[WhiteTeam "Brombach"]
[BlackTeam "Baden-Baden III"]
[WhiteTeamCountry "GER"]
[BlackTeamCountry "GER"]

1. e4 c5 2. Nf3 g6 3. d4 cxd4 4. Nxd4 Nc6 5. Nc3 Bg7 6. Be3 Nf6 7. Bc4 0-0 8. Bb3 a5 9. 0-0 d6 10. Ndb5 a4 11. Nxa4 Nxe4 12. c4 Ra6 13. Qe2 Nf6 14. Rad1 b6 15. a3 Be6 16. Nac3 Na5 17. Ba2 Ra8 18. Nd5 Rb8 19. b4 Nc6 20. Bg5 Ne8 21. Rfe1 Rb7 22. Qe4 Qc8 23. Qe3 Qb8 24. Bh6 Ne5 25. h3 Bxh6 26. Qxh6 Bxd5 27. cxd5 Ng7 28. Qd2 Re8 29. f4 Nd7 30. Nd4 Qa8 31. Re3 Ra7 32. Nb5 Rb7 33. Rc1 Qd8 34. Nd4 Nf6 35. a4 Qa8 36. Bb3 Kf8 37. a5 bxa5 38. bxa5 Reb8 39. Rcc3 Nge8 40. Nc6 Rc8 41. Qe2 Rxb3 42. Rxb3 Nxd5 43. Nxe7 Rc1+ 44. Kh2 Nxe3 45. Rxe3 Qxa5 46. Nxg6+ hxg6 47. Qb2 Qa1 48. Qb8 Qa4 49. Kg3 Rf1 0-1

[Event "Verbandsliga Sued Baden 0910"]
[Site "Germany"]
[Date "2010.01.10"]
[Round "5.3"]
[White "Jaeggi, Dorian"]
[Black "Germer, Philipp"]
[Result "1/2-1/2"]
[WhiteElo "2240"]
[BlackElo "2190"]
[PlyCount "40"]
[EventDate "2009.10.11"]
[EventType "team-tourn"]
[EventRounds "9"]
[EventCountry "GER"]
[SourceTitle "EXT 2011"]
[Source "ChessBase"]
[SourceDate "2010.11.26"]
[SourceVersion "1"]
[SourceVersionDate "2010.11.26"]
[SourceQuality "1"]
[WhiteTeam "Brombach"]
[BlackTeam "Oberwinden"]
[WhiteTeamCountry "GER"]
[BlackTeamCountry "GER"]

1. e4 c5 2. Nf3 e6 3. d4 cxd4 4. Nxd4 Nc6 5. Nc3 Qc7 6. Be3 Nf6 7. Qd2 Bb4 8. f3 d5 9. a3 Qa5 10. Nb3 Bxc3 11. bxc3 Qc7 12. Bf4 e5 13. exd5 exf4 14. dxc6 0-0 15. 0-0-0 Qxc6 16. Qxf4 Qxc3 17. Qd4 Qc7 18. Qd6 Qc3 19. Qd4 Qc7 20. Qd6 Qc3 1/2-1/2

[Event "Verbandsliga Sued Baden 0910"]
[Site "Germany"]
[Date "2009.12.13"]
[Round "4.4"]
[White "Jaeggi, Dorian"]
[Black "Kick, Joachim"]
[Result "1/2-1/2"]
[WhiteElo "2220"]
[BlackElo "2207"]
[PlyCount "145"]
[EventDate "2009.10.11"]
[EventType "team-tourn"]
[EventRounds "9"]
[EventCountry "GER"]
[SourceTitle "EXT 2011"]
[Source "ChessBase"]
[SourceDate "2010.11.26"]
[SourceVersion "1"]
[SourceVersionDate "2010.11.26"]
[SourceQuality "1"]
[WhiteTeam "Brombach"]
[BlackTeam "Kuppenheim"]
[WhiteTeamCountry "GER"]
[BlackTeamCountry "GER"]

1. e4 c5 2. Nf3 Nc6 3. d4 cxd4 4. Nxd4 Nf6 5. Nc3 e5 6. Ndb5 d6 7. Bg5 a6 8. Na3 b5 9. Nd5 Be7 10. Bxf6 Bxf6 11. c3 0-0 12. Nc2 Bg5 13. h4 Bh6 14. a4 bxa4 15. Rxa4 a5 16. Bc4 Rb8 17. b3 Kh8 18. Nce3 Bxe3 19. Nxe3 Ne7 20. Ra2 f5 21. exf5 Nxf5 22. Nxf5 Bxf5 23. 0-0 Rc8 24. g3 Qb6 25. Qd2 Bh3 26. Rd1 Rf3 27. Qxd6 Rxg3+ 28. Kh2 Qxd6 29. Rxd6 Rxc3 30. Rxa5 Rf8 31. Rd2 Bc8 32. Ra8 Rh3+ 33. Kg1 Rh1+ 34. Kxh1 Bb7+ 35. Bd5 Bxa8 36. Bxa8 Rxa8 37. Rd5 Kg8 38. Rxe5 Rb8 39. Re3 Rb4 40. Rh3 Kf7 41. Kg2 Ke6 42. Re3+ Kf5 43. Kh3 Rf4 44. f3 g5 45. hxg5 Kxg5 46. Kg3 Kf5 47. Re7 Rb4 48. Re3 h5 49. Rc3 h4+ 50. Kh3 Kg5 51. Rc5+ Kf6 52. Rc3 Kg5 53. Kg2 Kf5 54. Rc5+ Kf6 55. Rc4 Rxb3 56. Rxh4 Kf5 57. Kg3 Ra3 58. Rh5+ Kf6 59. Kg4 Ra4+ 60. f4 Ra1 61. Rh6+ Kf7 62. Kg5 Ra5+ 63. f5 Ra1 64. Rh7+ Kg8 65. Rb7 Ra6 66. Re7 Kf8 67. Re5 Kf7 68. Rb5 Kg7 69. Rb7+ Kf8 70. f6 Ra1 71. Kg6 Rg1+ 72. Kf5 Rf1+ 73. Ke4 1/2-1/2

[Event "Basel Hilton op 11th"]
[Site "Basel"]
[Date "2009.01.04"]
[Round "7"]
[White "Jaeggi, Dorian"]
[Black "Rukavina, Josip"]
[Result "0-1"]
[WhiteElo "2220"]
[BlackElo "2417"]
[PlyCount "92"]
[EventDate "2009.01.01"]
[EventType "swiss"]
[EventRounds "7"]
[EventCountry "SUI"]
[SourceTitle "CBM 128 Extra"]
[Source "ChessBase"]
[SourceDate "2009.03.05"]
[SourceVersion "2"]
[SourceVersionDate "2009.03.25"]
[SourceQuality "1"]

1. e4 g6 2. d4 Bg7 3. Nc3 d6 4. f4 c6 5. Nf3 Bg4 6. Be3 Qb6 7. Qd2 Nf6 8. 0-0-0 d5 9. h3 Bxf3 10. gxf3 e6 11. f5 exf5 12. exf5 Nbd7 13. fxg6 hxg6 14. Bd3 0-0-0 15. Kb1 Nh5 16. f4 Rde8 17. Na4 Qc7 18. f5 g5 19. Rhg1 Ng3 20. Bf2 Ne4 21. Bxe4 dxe4 22. h4 e3 23. Bxe3 Rxh4 24. Bf2 Rh2 25. Rge1 Rg8 26. Qe3 Qf4 27. Qxf4 gxf4 28. Bg1 Rh1 29. d5 cxd5 30. Bxa7 Rxe1 31. Rxe1 Be5 32. c3 f6 33. Nc5 Nxc5 34. Bxc5 Kd7 35. Re2 Rg5 36. Kc2 Rxf5 37. Kd3 Rh5 38. Bd4 Rh3+ 39. Kd2 Ke6 40. Bg1 Kf5 41. Rh2 Rxh2+ 42. Bxh2 Ke4 43. Bg1 Kf3 44. Ke1 Kg2 45. Bf2 f3 46. a4 Bh2 0-1

[Event "Basel Hilton op 11th"]
[Site "Basel"]
[Date "2009.01.02"]
[Round "2"]
[White "Peredy, Ferenc"]
[Black "Jaeggi, Dorian"]
[Result "0-1"]
[WhiteElo "2252"]
[BlackElo "2220"]
[PlyCount "76"]
[EventDate "2009.01.01"]
[EventType "swiss"]
[EventRounds "7"]
[EventCountry "SUI"]
[SourceTitle "CBM 128 Extra"]
[Source "ChessBase"]
[SourceDate "2009.03.05"]
[SourceVersion "2"]
[SourceVersionDate "2009.03.25"]
[SourceQuality "1"]

1. e4 c5 2. Nf3 d6 3. d4 cxd4 4. Nxd4 Nf6 5. f3 e5 6. Bb5+ Nbd7 7. Nf5 a6 8. Ba4 b5 9. Bb3 Nc5 10. Nc3 Nxb3 11. axb3 d5 12. Bg5 d4 13. Ne2 h6 14. Bd2 Bxf5 15. exf5 Bc5 16. Nc1 e4 17. 0-0 e3 18. Nd3 Qd5 19. Bb4 Bxb4 20. Nxb4 Qd7 21. c3 dxc3 22. Qxd7+ Nxd7 23. bxc3 Nc5 24. Rfe1 0-0 25. Rab1 Rfe8 26. Re2 Rad8 27. Kf1 Rd6 28. Ra1 Nxb3 29. Rae1 Nd2+ 30. Kg1 Nc4 31. Nc2 Rd3 32. Nb4 Rxc3 33. Nxa6 Rd8 34. Nb4 Rd2 35. Kf1 Rb3 36. Na6 Rbb2 37. Nc5 Rxe2 38. Rxe2 Nd2+ 0-1

[Event "Oberliga Baden 0809"]
[Site "Germany"]
[Date "2008.11.30"]
[Round "3.4"]
[White "Jaeggi, Dorian"]
[Black "Libiszewski, Fabien"]
[Result "1/2-1/2"]
[WhiteElo "2235"]
[BlackElo "2487"]
[PlyCount "46"]
[EventDate "2008.10.05"]
[EventType "team-tourn"]
[EventRounds "9"]
[EventCountry "GER"]
[SourceTitle "EXT 2010"]
[Source "ChessBase"]
[SourceDate "2010.11.25"]
[SourceVersion "1"]
[SourceVersionDate "2010.11.25"]
[SourceQuality "1"]
[WhiteTeam "Wiehre"]
[BlackTeam "Viernheim"]
[WhiteTeamCountry "GER"]
[BlackTeamCountry "GER"]

1. e4 c5 2. Nf3 Nc6 3. d4 cxd4 4. Nxd4 e5 5. Nb5 d6 6. N1c3 a6 7. Na3 b5 8. Nd5 Nge7 9. c4 Nd4 10. cxb5 Nxd5 11. exd5 Be7 12. bxa6 Bxa6 13. Qa4+ Qd7 14. Qxd7+ Kxd7 15. Bxa6 Rxa6 16. Be3 Rxa3 17. bxa3 Nc2+ 18. Kd2 Nxa1 19. Rxa1 Ra8 20. Rb1 Kc8 21. Rc1+ Kd7 22. Rb1 Kc8 23. Rc1+ Kd7 1/2-1/2

[Event "Oberliga Baden 0809"]
[Site "Germany"]
[Date "2008.10.26"]
[Round "2.3"]
[White "Jaeggi, Dorian"]
[Black "Wenner, Tobias"]
[Result "1/2-1/2"]
[WhiteElo "2235"]
[BlackElo "2218"]
[PlyCount "58"]
[EventDate "2008.10.05"]
[EventType "team-tourn"]
[EventRounds "9"]
[EventCountry "GER"]
[SourceTitle "EXT 2010"]
[Source "ChessBase"]
[SourceDate "2010.11.25"]
[SourceVersion "1"]
[SourceVersionDate "2010.11.25"]
[SourceQuality "1"]
[WhiteTeam "Wiehre"]
[BlackTeam "Eppingen II"]
[WhiteTeamCountry "GER"]
[BlackTeamCountry "GER"]

1. e4 d5 2. exd5 Qxd5 3. Nc3 Qa5 4. d4 Nf6 5. Nf3 c6 6. Bc4 Bf5 7. Bd2 e6 8. Nd5 Qd8 9. Nxf6+ gxf6 10. Qe2 Bxc2 11. Bc3 Bg6 12. 0-0 Be7 13. Nh4 b5 14. Nxg6 hxg6 15. Bd3 Qd6 16. g3 b4 17. Bd2 Qxd4 18. Rfe1 Nd7 19. Be4 0-0 20. Bxc6 Rac8 21. Be3 Qd6 22. Bg2 Nc5 23. a3 b3 24. Rac1 Qd3 25. Rc3 Qxe2 26. Rxe2 Rfd8 27. h4 Nd3 28. Rxb3 Nc1 29. Bxc1 Rxc1+ 1/2-1/2

[Event "Verbandsliga Sued Baden 0708"]
[Site "Germany"]
[Date "2008.03.02"]
[Round "7.5"]
[White "Jaeggi, Dorian"]
[Black "Kupprion, Klaus"]
[Result "1-0"]
[WhiteElo "2242"]
[BlackElo "1831"]
[PlyCount "63"]
[EventDate "2007.10.14"]
[EventType "team"]
[EventRounds "9"]
[EventCountry "GER"]
[SourceTitle "EXT 2009"]
[Source "ChessBase"]
[SourceDate "2008.11.26"]
[SourceVersion "1"]
[SourceVersionDate "2008.11.26"]
[SourceQuality "1"]
[WhiteTeam "Wiehre"]
[BlackTeam "Gottmadingen"]
[WhiteTeamCountry "GER"]
[BlackTeamCountry "GER"]

1. e4 Nf6 2. e5 Nd5 3. d4 d6 4. Nf3 Bg4 5. Be2 e6 6. 0-0 Be7 7. c4 Nb6 8. h3 Bh5 9. exd6 cxd6 10. Be3 0-0 11. a4 d5 12. c5 N6d7 13. b4 a6 14. Nc3 Bf6 15. b5 Nxc5 16. g4 Ne4 17. Nxe4 dxe4 18. gxh5 exf3 19. Bxf3 axb5 20. axb5 Rxa1 21. Qxa1 b6 22. Rd1 Qd6 23. Qc3 Rd8 24. Rc1 Nd7 25. Qc6 Nf8 26. d5 exd5 27. Bxb6 Rd7 28. Qxd6 Rxd6 29. Bc7 Bg5 30. Bxd6 Bxc1 31. b6 Nd7 32. b7 1-0

[Event "Verbandsliga Sued Baden 0708"]
[Site "Germany"]
[Date "2008.01.13"]
[Round "5.7"]
[White "Jaeggi, Dorian"]
[Black "Grosshans, Ralf Michael"]
[Result "0-1"]
[WhiteElo "2242"]
[BlackElo "2132"]
[PlyCount "108"]
[EventDate "2007.10.14"]
[EventType "team"]
[EventRounds "9"]
[EventCountry "GER"]
[SourceTitle "EXT 2009"]
[Source "ChessBase"]
[SourceDate "2008.11.26"]
[SourceVersion "1"]
[SourceVersionDate "2008.11.26"]
[SourceQuality "1"]
[WhiteTeam "Wiehre"]
[BlackTeam "Kuppenheim"]
[WhiteTeamCountry "GER"]
[BlackTeamCountry "GER"]

1. e4 Nf6 2. e5 Nd5 3. d4 d6 4. Nf3 Bg4 5. Be2 c6 6. 0-0 Bxf3 7. Bxf3 dxe5 8. dxe5 e6 9. c4 Ne7 10. Qxd8+ Kxd8 11. b3 Nd7 12. Bb2 Ng6 13. Re1 Kc7 14. g3 Nc5 15. Bc3 Rd8 16. Re3 Be7 17. Be2 Rd7 18. h4 Rhd8 19. h5 Nf8 20. Rf3 Bg5 21. Bb4 Ne4 22. Nc3 Nxc3 23. Bxc3 g6 24. Bb4 Be7 25. Bc3 Bg5 26. Kg2 gxh5 27. Rh1 Ng6 28. Rxh5 h6 29. Rh1 Kc8 30. Re1 h5 31. c5 h4 32. Bc4 Kc7 33. Ba5+ b6 34. Bb4 hxg3 35. cxb6+ Kxb6 36. fxg3 Bd2 37. Bxd2 Rxd2+ 38. Kg1 Rd1 39. Rff1 Rxe1 40. Rxe1 Rd2 41. a4 Kc5 42. Bf1 Kb4 43. Bc4 Kc3 44. Re3+ Kd4 45. Re2 Rxe2 46. Bxe2 Ke3 47. Kf1 c5 48. Ke1 a5 49. Kd1 Nxe5 50. Ke1 f5 51. Ba6 Nf3+ 52. Kd1 Nd4 53. Bc4 e5 54. Kc1 Ne2+ 0-1

[Event "Verbandsliga Sued Baden 0708"]
[Site "Germany"]
[Date "2007.11.18"]
[Round "3.3"]
[White "Jaeggi, Dorian"]
[Black "Kais, Edgar"]
[Result "1/2-1/2"]
[WhiteElo "2242"]
[BlackElo "2024"]
[PlyCount "122"]
[EventDate "2007.10.14"]
[EventType "team"]
[EventRounds "9"]
[EventCountry "GER"]
[SourceTitle "EXT 2009"]
[Source "ChessBase"]
[SourceDate "2008.11.26"]
[SourceVersion "1"]
[SourceVersionDate "2008.11.26"]
[SourceQuality "1"]
[WhiteTeam "Wiehre"]
[BlackTeam "Oberwinden"]
[WhiteTeamCountry "GER"]
[BlackTeamCountry "GER"]

1. e4 c6 2. d4 d5 3. Nc3 dxe4 4. Nxe4 Nf6 5. Nxf6+ gxf6 6. c3 Bf5 7. Nf3 Qc7 8. Nh4 Bg6 9. f4 Be4 10. Bd3 Bxd3 11. Qxd3 Nd7 12. 0-0 0-0-0 13. f5 e5 14. fxe6 fxe6 15. Bf4 Bd6 16. Bxd6 Qxd6 17. Rae1 Kb8 18. Re3 c5 19. Rfe1 Ne5 20. Qf1 Ng4 21. Rg3 Rhg8 22. Qe2 Nxh2 23. Rxg8 Rxg8 24. Qxe6 Qg3 25. Re3 Qg5 26. Kxh2 Qxh4+ 27. Kg1 Qg5 28. Qd6+ Ka8 29. Re2 cxd4 30. Qxd4 a6 31. c4 f5 32. Qd2 Qh4 33. b3 Rd8 34. Qc2 Qg4 35. Re1 h5 36. Rf1 f4 37. Rf3 h4 38. Kh2 Rg8 39. c5 Rh8 40. Qc3 Rg8 41. Qd2 Rf8 42. b4 Qg5 43. Qe2 Rg8 44. c6 b5 45. Ra3 Kb8 46. Rc3 Kc7 47. Qd2 Rg7 48. Qf2 Kc8 49. Qf3 Qg3+ 50. Qxg3 hxg3+ 51. Kh3 Kc7 52. a3 Rg6 53. Kh4 Rg8 54. Rc1 Re8 55. Rc3 Re2 56. Kg4 Rxg2 57. Kxf4 Rf2+ 58. Kxg3 Rf6 59. Kg4 Rxc6 60. Rd3 Kb6 61. Kf3 a5 1/2-1/2